000 00238nam a2200121Ia 4500
100 _a#N/A
650 _aELECTRONICS
942 _cBK
654 _agsm
245 _aPrinciples and Application of GSM
260 _b#N/A
546 _aENGLISH
999 _c31569
_d31569